000 00324nam a2200133Ia 4500
008 230917s9999||||xx |||||||||||||| ||und||
040 _e93666
_aMAIN
041 _aEnglish
082 _a677 M426N
100 _aMathur, Sandeep
245 0 _aNozzle design considerations in airjet texturing
300 _a31 p.
942 _cTH
999 _c49768
_d49768